000 00423nam a2200181Ia 4500
003 0STCL
008 150530s9999 xx 000 0 und d
040 _aSTCL
_cSTCL
100 _aSantha Kumar,S
245 _aNingaludey Thalavedhanakku Pinnil
250 _a1
260 _bNational Book stall; Kottayam
_c1983
300 _a285
546 _aMalayalam
942 _2ddc
_cBK
999 _c2161
_d2161
005 20220125165308.0